| 000 | 00526nam a2200205 4500 | ||
|---|---|---|---|
| 005 | 20240905110722.0 | ||
| 008 | 240904b |||||||| |||| 00| 0 eng d | ||
| 020 |
_aX _c[n.p] |
||
| 040 | _aMAIN | ||
| 082 |
_a511.8 _bS94M |
||
| 100 | _aSavita | ||
| 245 | _aMathematical modeling and Estimation of some information measures | ||
| 260 |
_bDepartment of Math, M D University, Rohtak _c2023 |
||
| 300 | _axi, 255 | ||
| 650 | _aMathematics | ||
| 650 | _aModeling | ||
| 700 | _aRajeev Kumar | ||
| 942 | _cTH | ||
| 999 |
_c356674 _d356674 |
||